Luyện giải trắc nghiệm vật lí 12
Nội dung tài liệu bao gồm 3 chương: Động lực học vật rắn, dao động cơ, sóng cơ và sóng âm
Zapisane w:
| 1. autor: | |
|---|---|
| Format: | Książka |
| Język: | Undetermined |
| Wydane: |
Hà Nội
Giáo dục Việt Nam
2010
|
| Hasła przedmiotowe: | |
| Etykiety: |
Dodaj etykietę
Nie ma etykietki, Dołącz pierwszą etykiete!
|
| Thư viện lưu trữ: | Trung tâm Học liệu Trường Đại học Cần Thơ |
|---|
| LEADER | 00834nam a2200217Ia 4500 | ||
|---|---|---|---|
| 001 | CTU_191644 | ||
| 008 | 210402s9999 xx 000 0 und d | ||
| 020 | |c 46000 | ||
| 082 | |a 530.0712 | ||
| 082 | |b H121/T.1 | ||
| 100 | |a Bùi, Quang Hân | ||
| 245 | 0 | |a Luyện giải trắc nghiệm vật lí 12 | |
| 245 | 0 | |c Bùi Quang Hân, Nguyễn Duy Hiền, Nguyễn Tuyến | |
| 260 | |a Hà Nội | ||
| 260 | |b Giáo dục Việt Nam | ||
| 260 | |c 2010 | ||
| 520 | |a Nội dung tài liệu bao gồm 3 chương: Động lực học vật rắn, dao động cơ, sóng cơ và sóng âm | ||
| 650 | |a Physics,Vật lý | ||
| 650 | |x Study and teaching (Secondary),Dạy và học (trung học) | ||
| 904 | |i Bằng | ||
| 980 | |a Trung tâm Học liệu Trường Đại học Cần Thơ | ||